000
00328nam a22001457a 4500
008
210519b ||||| |||| 00| 0 eng d
020
_a
0316154148
041
_a
eng
080
_2
3rd
_a
004
082
_a
004
100
_a
28
101
_a
SHKI
245
_a
An Introduction to Programming
_c
Richard Conway
942
_2
udc
_c
BK
999
_c
57532
_d
57532